[Event "94th Paris-ch  2019"]
[Site "Paris"]
[Date "2019.07.12"]
[Round "7.15"]
[White "Tomasi, Albert"]
[Black "Eden, James"]
[Result "1-0"]
[WhiteElo "2300"]
[BlackElo "2343"]
[Annotator "ChessBase"]
[PlyCount "123"]
[EventDate "2019.07.07"]
[EventType "swiss"]
[EventCountry "FRA"]
[SourceTitle "playchess.com"]
[Source "ChessBase"]
[SourceQuality "1"]
[TimeControl "5400+30"]

1. e4 {[%emt 0:05:44]} c5 {[%emt 0:00:00]} 2. Nf3 {[%emt 0:00:27]} d6 {[%emt 0:00:00]} 3. d4 {[%emt 0:00:05]} cxd4 {[%emt 0:00:00]} 4. Nxd4 {[%emt 0:00:04]} Nf6 {[%emt 0:00:00]} 5. Nc3 {[%emt 0:00:03]} Nc6 {[%emt 0:00:05]} 6. Bg5 {[%emt 0:00:06]} Bd7 {[%emt 0:00:22]} 7. Qd2 {[%emt 0:01:51]} Rc8 {[%emt 0:00:18]} 8. f4 {[%emt 0:00:06]} Nxd4 {[%emt 0:00:38]} 9. Qxd4 {[%emt 0:00:05]} Qa5 {[%emt 0:00:11]} 10. e5 {[%emt 0:02:34]} dxe5 {[%emt 0:00:27]} 11. fxe5 {[%emt 0:00:04]} e6 {[%emt 0:00:14]} 12. O-O-O {[%emt 0:01:24]} Bc6 {[%emt 0:11:12]} 13. Bb5 {[%emt 0:00:36]} Bxb5 {[%emt 0:13:28]} 14. exf6 {[%emt 0:00:30]} Bc6 {[%emt 0:01:01]} 15. h4 {[%emt 0:00:13]} Bc5 {[%emt 0:01:08]} 16. Qf4 {[%emt 0:16:17]} g6 {[%emt 0:07:22]} 17. h5 {[%emt 0:08:36]} gxh5 {[%emt 0:07:57]} 18. Rxh5 {[%emt 0:03:21]} Bb4 {[%emt 0:04:20]} 19. Bh4 {[%emt 0:06:32]} Qxh5 {[%emt 0:03:33]} 20. Qxb4 {[%emt 0:00:06]} Qh6+ {[%emt 0:00:14]} 21. Kb1 {[%emt 0:00:29]} Qf8 {[%emt 0:00:11]} 22. Qd4 {[%emt 0:03:58]} Rg8 {[%emt 0:03:17]} 23. g4 {[%emt 0:11:29]} b6 {[%emt 0:13:35]} 24. b4 {[%emt 0:00:20]} Rg6 {[%emt 0:12:54]} 25. b5 {[%emt 0:21:56]} Qc5 {[%emt 0:11:26]} 26. bxc6 {[%emt 0:00:05]} Qxd4 {[%emt 0:01:01]} 27. Rxd4 {[%emt 0:00:05]} Rxc6 {[%emt 0:00:07]} 28. Nb5 {[%emt 0:01:37]} e5 {[%emt 0:02:07]} 29. Re4 {[%emt 0:00:56]} Kd7 {[%emt 0:00:23]} 30. Nxa7 {[%emt 0:05:06]} Rc5 {[%emt 0:00:17]} 31. Bf2 {[%emt 0:01:10]} Rd5 {[%emt 0:00:13]} 32. Bxb6 {[%emt 0:06:46]} Rxf6 {[%emt 0:00:16]} 33. Be3 {[%emt 0:00:20]} Rf1+ {[%emt 0:00:40]} 34. Kb2 {[%emt 0:00:08]} Re1 {[%emt 0:00:13]} 35. a4 {[%emt 0:02:03]} h5 {[%emt 0:02:06]} 36. gxh5 {[%emt 0:01:16]} f5 {[%emt 0:00:13]} 37. Rh4 {[%emt 0:00:05]} Rxe3 {[%emt 0:00:10]} 38. h6 {[%emt 0:00:06]} Rd4 {[%emt 0:00:06]} 39. Rh5 {[%emt 0:01:07]} Rb4+ {[%emt 0:01:12]} 40. Kc1 {[%emt 0:00:07]} Rb8 {[%emt 0:00:45]} 41. Rxf5 {[%emt 0:01:18]} Ke6 {[%emt 0:00:57]} 42. Rh5 {[%emt 0:00:10]} Rc3 {[%emt 0:01:28]} 43. Nb5 {[%emt 0:01:16]} Rc4 {[%emt 0:00:19]} 44. h7 {[%emt 0:00:28]} Rh8 {[%emt 0:00:41]} 45. a5 {[%emt 0:00:26]} Rc5 {[%emt 0:01:32]} 46. Rh6+ {[%emt 0:00:33]} Kd5 {[%emt 0:00:44]} 47. Nd6 {[%emt 0:00:09]} Rc6 {[%emt 0:02:32]} 48. c4+ {[%emt 0:00:06]} Kd4 {[%emt 0:00:06]} 49. Rh4+ {[%emt 0:00:39]} Kd3 {[%emt 0:00:23]} 50. Nf7 {[%emt 0:00:07]} Rxh7 {[%emt 0:02:00]} 51. Nxe5+ {[%emt 0:00:13]} Kc3 {[%emt 0:00:07]} 52. Rxh7 {[%emt 0:00:05]} Rc5 {[%emt 0:00:04]} 53. Rh3+ {[%emt 0:01:36]} Kd4 {[%emt 0:00:14]} 54. Rh4+ {[%emt 0:00:38]} Kc3 {[%emt 0:00:58]} 55. Re4 {[%emt 0:00:09]} Kb3 {[%emt 0:00:52]} 56. Re3+ {[%emt 0:00:25]} Ka2 {[%emt 0:00:38]} 57. Kc2 {[%emt 0:00:29]} Rxa5 {[%emt 0:00:10]} 58. Nc6 {[%emt 0:00:09]} Ra4 {[%emt 0:00:17]} 59. Rc3 {[%emt 0:00:06]} Ra8 {[%emt 0:01:05]} 60. Nb4+ {[%emt 0:00:06]} Ka1 {[%emt 0:00:12]} 61. c5 {[%emt 0:00:06]} Ra5 {[%emt 0:00:56]} 62. Kb3 {[%emt 0:00:41]} 1-0

[Event "94th Paris-ch  2019"]
[Site "Paris"]
[Date "2019.07.12"]
[Round "7.16"]
[White "Manoeuvre, Antoine"]
[Black "Jeet, Jain"]
[Result "1/2-1/2"]
[WhiteElo "2325"]
[BlackElo "2258"]
[Annotator "NA"]
[PlyCount "45"]
[EventDate "2019.07.07"]
[EventType "swiss"]
[EventCountry "FRA"]
[SourceTitle "playchess.com"]
[Source "ChessBase"]
[SourceQuality "1"]
[TimeControl "5400+30"]

1. d4 {[%emt 0:00:00]} d5 {[%emt 0:00:33]} 2. c4 {[%emt 0:00:39]} e6 {[%emt 0:00:32]} 3. Nc3 {[%emt 0:01:00]} Be7 {[%emt 0:00:41]} 4. Nf3 {[%emt 0:02:07]} Nf6 {[%emt 0:00:48]} 5. cxd5 {[%emt 0:02:08]} exd5 {[%emt 0:00:36]} 6. Bg5 {[%emt 0:00:10]} h6 {[%emt 0:01:03]} 7. Bh4 {[%emt 0:01:29]} Nbd7 {[%emt 0:00:29]} 8. e3 {[%emt 0:01:03]} O-O {[%emt 0:00:20]} 9. Qc2 {[%emt 0:03:26]} b6 {[%emt 0:02:45]} 10. Bd3 {[%emt 0:07:50]} Bb7 {[%emt 0:00:52]} 11. O-O {[%emt 0:13:37]} c5 {[%emt 0:01:29]} 12. Ne5 {[%emt 0:06:15]} c4 {[%emt 0:23:08]} 13. Be2 {[%emt 0:03:30]} a6 {[%emt 0:01:54]} 14. Bf3 {[%emt 0:02:06]} b5 {[%emt 0:03:18]} 15. Qf5 {[%emt 0:01:13]} g6 {[%emt 0:11:16]} 16. Nxg6 {[%emt 0:02:34]} fxg6 {[%emt 0:00:26]} 17. Qxg6+ {[%emt 0:00:12]} Kh8 {[%emt 0:00:07]} 18. Qxh6+ {[%emt 0:00:28]} Kg8 {[%emt 0:04:52]} 19. Qg6+ {[%emt 0:13:03]} Kh8 {[%emt 0:00:09]} 20. Qh6+ {[%emt 0:00:35]} Kg8 {[%emt 0:00:03]} 21. Qg6+ {[%emt 0:00:07]} Kh8 {[%emt 0:00:21]} 22. Qh6+ {[%emt 0:00:02]} Nh7 23. Bxd5 {[%emt 0:00:01]} 1/2-1/2

[Event "94th Paris-ch  2019"]
[Site "Paris"]
[Date "2019.07.12"]
[Round "7.17"]
[White "Sanchez, Louis"]
[Black "Materia, Marco"]
[Result "1/2-1/2"]
[WhiteElo "2316"]
[BlackElo "2243"]
[Annotator "TA"]
[PlyCount "43"]
[EventDate "2019.07.07"]
[EventType "swiss"]
[EventCountry "FRA"]
[SourceTitle "playchess.com"]
[Source "ChessBase"]
[SourceQuality "1"]

{[%evp 10,43,-7,-7,6,-7,0,0,0,-8,3,0,22,20,57,62,66,66,66,0,0,-29,-27,-29,-33,-39,-36,-50,48,31,104,89,142,51,55,50]} 1. d4 d5 2. Bf4 Nf6 3. e3 e6 4. Nd2 Bd6 5. Bg3 O-O 6. Ngf3 c5 $146 {D02: 1 d4 d5 2 Nf3 sidelines, including 2...Nf6 3 g3 and 2...Nf6 3 Bf4} (6... b6 7. c3 c5 8. Bd3 Ba6 9. Bxa6 Nxa6 10. O-O Bxg3 11. hxg3 Qc7 12. Qe2 Nb8 13. e4 dxe4 14. Nxe4 Nbd7 {1-0 (55) Duda,J (2738)-Giri,A (2783) St Petersburg 2018}) 7. c3 Qc7 8. dxc5 Qxc5 {The position is equal.} 9. Bd3 Qc7 10. e4 Nc6 11. Qe2 dxe4 12. Nxe4 Nxe4 13. Qxe4 {[%csl Gd3][%cal Re4h7]} f5 14. Qh4 (14. Bxd6 $14 Qxd6 15. Qe3) 14... e5 $1 $11 15. Bc4+ Kh8 16. Ng5 {[%csl Gg5][%cal Rh4h7]} h6 {Threatens to win with ...Be7.} 17. Qh5 $1 {[%cal Rh5g6] White threatens Qg6 and mate.} f4 {...Nd4 is the strong threat.} 18. Bh4 {[#] And now Nf7+ would win.} Nd8 (18... e4 $1 $15 {[%mdl 512]} 19. Nf7+ (19. Nxe4 Ne5 $15) 19... Rxf7 $1 {[%mdl 512]} 20. Qxf7 (20. Bxf7 $2 {is the wrong capture.} Ne5 $19) 20... Qxf7 21. Bxf7 g5) 19. Bb3 Bd7 (19... Bf5 $14) 20. Ne4 $16 {aiming for Bf6!} Bf5 {[#]} ({Black should play} 20... Be8 21. Qg4 Bc6 22. Nxd6 Qxd6) 21. Nxd6 (21. Nf6 $1 $16 Qc8 22. g4) 21... Qxd6 $14 22. Rd1 {Accuracy: White = 56%, Black = 21%.} 1/2-1/2

[Event "94th Paris-ch  2019"]
[Site "Paris"]
[Date "2019.07.12"]
[Round "7.18"]
[White "Gervasio, Ricardo"]
[Black "Hingouet, Matthieu"]
[Result "1/2-1/2"]
[WhiteElo "2223"]
[BlackElo "2245"]
[Annotator "ChessBase"]
[PlyCount "121"]
[EventDate "2019.07.07"]
[EventType "swiss"]
[EventCountry "FRA"]
[SourceTitle "playchess.com"]
[Source "ChessBase"]
[SourceQuality "1"]
[TimeControl "5400+30"]

1. d4 {[%emt 0:00:00]} Nf6 {[%emt 0:00:00]} 2. c4 {[%emt 0:00:00]} e6 {[%emt 0:00:00]} 3. Nc3 {[%emt 0:00:00]} Bb4 {[%emt 0:00:00]} 4. e3 {[%emt 0:00:03]} O-O {[%emt 0:00:09]} 5. Bd3 {[%emt 0:00:17]} d6 {[%emt 0:05:11]} 6. Nge2 {[%emt 0:00:09]} e5 {[%emt 0:06:06]} 7. O-O {[%emt 0:01:09]} Re8 {[%emt 0:00:50]} 8. f3 {[%emt 0:04:01]} c6 {[%emt 0:09:24]} 9. Qc2 {[%emt 0:05:32]} Nbd7 {[%emt 0:01:38]} 10. Bd2 {[%emt 0:01:39]} Nf8 {[%emt 0:01:47]} 11. Rad1 {[%emt 0:00:49]} Qe7 {[%emt 0:05:52]} 12. a3 {[%emt 0:02:53]} Ba5 {[%emt 0:00:49]} 13. b4 {[%emt 0:00:21]} Bc7 {[%emt 0:02:46]} 14. Ng3 {[%emt 0:06:27]} a6 {[%emt 0:03:20]} 15. Rfe1 {[%emt 0:00:56]} b5 {[%emt 0:02:36]} 16. d5 {[%emt 0:27:05]} cxd5 {[%emt 0:07:46]} 17. cxd5 {[%emt 0:00:12]} Bb6 {[%emt 0:01:27]} 18. Kh1 {[%emt 0:00:13]} g6 {[%emt 0:08:28]} 19. Rf1 {[%emt 0:05:43]} h5 {[%emt 0:03:10]} 20. Nge2 {[%emt 0:05:09]} Bb7 {[%emt 0:03:18]} 21. e4 {[%emt 0:01:40]} N8h7 {[%emt 0:02:03]} 22. Ng1 {[%emt 0:01:33]} h4 {[%emt 0:02:42]} 23. Nh3 {[%emt 0:07:35]} Bc8 {[%emt 0:02:17]} 24. Ng5 {[%emt 0:00:41]} Nh5 {[%emt 0:01:07]} 25. Qc1 {[%emt 0:02:22]} f6 {[%emt 0:06:53]} 26. Ne6 {[%emt 0:00:52]} Nf8 {[%emt 0:01:38]} 27. Nxf8 {[%emt 0:02:41]} Qxf8 {[%emt 0:03:34]} 28. Be3 {[%emt 0:02:50]} Bxe3 29. Qxe3 {[%emt 0:00:02]} Nf4 {[%emt 0:02:35]} 30. Rc1 {[%emt 0:01:09]} Bd7 {[%emt 0:00:47]} 31. Rc2 {[%emt 0:00:24]} Rec8 {[%emt 0:00:58]} 32. Rfc1 {[%emt 0:00:13]} Nxd3 {[%emt 0:02:43]} 33. Qxd3 {[%emt 0:00:09]} Rc4 {[%emt 0:00:06]} 34. Nd1 {[%emt 0:01:48]} Rxc2 {[%emt 0:00:41]} 35. Rxc2 {[%emt 0:00:08]} Rc8 {[%emt 0:00:15]} 36. Ne3 {[%emt 0:00:27]} Rxc2 {[%emt 0:00:45]} 37. Qxc2 {[%emt 0:00:10]} Qb8 {[%emt 0:03:01]} 38. Qf2 {[%emt 0:03:22]} Qc7 {[%emt 0:02:11]} 39. Qd2 {[%emt 0:01:17]} Kg7 {[%emt 0:02:44]} 40. Kg1 {[%emt 0:02:00]} Qc8 {[%emt 0:00:51]} 41. g4 {[%emt 0:00:38]} g5 {[%emt 0:01:25]} 42. Qc2 {[%emt 0:00:40]} Qb7 {[%emt 0:01:55]} 43. Qc3 {[%emt 0:00:20]} Kf7 {[%emt 0:00:18]} 44. Kg2 {[%emt 0:00:18]} Qa7 {[%emt 0:00:16]} 45. Nd1 {[%emt 0:00:27]} Ke7 {[%emt 0:00:30]} 46. Nf2 {[%emt 0:03:00]} Qb6 {[%emt 0:00:37]} 47. Kf1 {[%emt 0:00:07]} Qa7 {[%emt 0:00:12]} 48. Ke2 {[%emt 0:00:07]} Qb6 {[%emt 0:00:23]} 49. Kf1 {[%emt 0:00:36]} Qa7 {[%emt 0:00:05]} 50. Nd1 {[%emt 0:00:09]} Qb6 {[%emt 0:00:28]} 51. Ne3 {[%emt 0:00:10]} Qa7 {[%emt 0:00:25]} 52. Nc2 {[%emt 0:00:22]} Qb6 {[%emt 0:00:23]} 53. Na1 {[%emt 0:00:01]} Kf7 {[%emt 0:01:30]} 54. Nb3 {[%emt 0:00:06]} Ke7 {[%emt 0:00:43]} 55. Na5 {[%emt 0:00:13]} Ke8 {[%emt 0:00:41]} 56. Nb3 {[%emt 0:02:46]} Ke7 {[%emt 0:00:12]} 57. Nc1 {[%emt 0:00:05]} Qa7 {[%emt 0:00:16]} 58. Ne2 {[%emt 0:00:13]} Qb6 {[%emt 0:00:17]} 59. Ke1 {[%emt 0:00:03]} Qa7 {[%emt 0:00:26]} 60. Kf1 {[%emt 0:00:40]} Qb6 {[%emt 0:00:04]} 61. Ke1 {[%emt 0:00:31]} 1/2-1/2

[Event "94th Paris-ch  2019"]
[Site "Paris"]
[Date "2019.07.12"]
[Round "7.19"]
[White "Le Quang, Kim"]
[Black "French, Max"]
[Result "1-0"]
[WhiteElo "2243"]
[BlackElo "2232"]
[Annotator "TA"]
[PlyCount "91"]
[EventDate "2019.07.07"]
[EventType "swiss"]
[EventCountry "FRA"]
[SourceTitle "playchess.com"]
[Source "ChessBase"]
[SourceQuality "1"]

{[%evp 20,91,0,-5,6,8,12,43,55,45,72,86,75,84,105,63,94,72,77,69,90,76,87,79,80,57,88,80,85,85,110,100,95,93,82,92,189,182,173,151,143,143,245,247,232,247,233,242,239,242,265,259,336,354,350,341,460,437,457,324,525,406,509,527,710,696,696,696,686,686,1172,1171,1154,1152]} 1. Nf3 Nf6 2. c4 e6 3. g3 d5 4. Bg2 Be7 5. O-O O-O 6. b3 d4 7. e3 c5 8. exd4 cxd4 9. Bb2 Nc6 10. Re1 Re8 11. d3 Bb4 {A14: English Opening: 1...e6 with b3 by White} (11... Bc5 12. Ne5 Nxe5 13. Rxe5 Qd6 14. Qe1 a5 15. Nd2 Ra7 16. a3 b6 17. h3 Bb7 18. Nf3 Ba8 19. Bc1 {½-½ (38) Almasi,Z (2682)-Navara,D (2733) Germany 2018}) 12. Nbd2 e5 13. a3 Bf8 $146 {White is slightly better.} ({Predecessor:} 13... Bc3 14. Qc2 Bxb2 15. Qxb2 Bf5 16. Qc2 a5 17. Ng5 Qd7 18. Rab1 h6 19. Nge4 Nxe4 20. Nxe4 Bxe4 21. Bxe4 {1-0 (45) Horton,A (2407)-Zelcic,R (2499) Pula 2018}) 14. b4 $1 Bg4 15. h3 Bxf3 16. Qxf3 Qc7 17. Rac1 Rad8 18. Nb3 Qb6 19. Qd1 a6 20. Rb1 Qc7 21. Bc1 h6 22. Bd2 Rb8 23. Qc2 Qd7 24. c5 Na7 25. Na5 b6 26. cxb6 Rxb6 27. Rbc1 Bd6 (27... Nb5 $16 {might work better.}) 28. Nc4 $18 Rbb8 29. Nxd6 Qxd6 30. Qc5 $36 {[%mdl 2048] White has strong initiative.} Rb6 (30... Qxc5 $16 31. Rxc5 Nb5) 31. Qxd6 Rxd6 32. a4 Nd5 33. Bxd5 Rxd5 34. Rc7 Nc8 35. Rc6 Rd6 {[#]} 36. Rec1 $1 Rxc6 37. Rxc6 {[%mdl 4096] Endgame KRB-KRN} f5 38. Rxa6 Kf7 39. b5 {[%cal Bb4b5,Bb5b6][%mdl 32]} Ke7 $2 {[#]} (39... Re6 40. Bb4 Rxa6 41. bxa6 Nb6) 40. f3 Kd7 41. Rg6 {White is clearly winning.} Re7 42. Bb4 Rf7 43. b6 Kd8 44. a5 {[%cal Ba4a5,Ba5a6][%mdl 32]} Rb7 45. a6 Rxb6 46. Ba5 {[%mdl 64] Pin. Accuracy: White = 70%, Black = 27%.} 1-0

[Event "94th Paris-ch  2019"]
[Site "Paris"]
[Date "2019.07.12"]
[Round "7.20"]
[White "Lutard, Theo"]
[Black "Douriet Duany, Alexis"]
[Result "1-0"]
[WhiteElo "2222"]
[BlackElo "2247"]
[Annotator "ChessBase"]
[PlyCount "87"]
[EventDate "2019.07.07"]
[EventType "swiss"]
[EventCountry "FRA"]
[SourceTitle "playchess.com"]
[Source "ChessBase"]
[SourceQuality "1"]
[TimeControl "5400+30"]

1. e4 {[%emt 0:00:00]} g6 {[%emt 0:23:01]} 2. d4 {[%emt 0:00:06]} Bg7 {[%emt 0:00:14]} 3. Nc3 {[%emt 0:00:13]} c5 {[%emt 0:00:00]} 4. dxc5 {[%emt 0:00:10]} Bxc3+ {[%emt 0:00:11]} 5. bxc3 {[%emt 0:00:10]} Qa5 {[%emt 0:01:46]} 6. Qd4 {[%emt 0:00:40]} Nf6 {[%emt 0:00:39]} 7. Bd2 {[%emt 0:02:00]} Nc6 {[%emt 0:01:21]} 8. Qe3 {[%emt 0:00:14]} b6 {[%emt 0:07:29]} 9. cxb6 {[%emt 0:00:21]} axb6 {[%emt 0:00:02]} 10. Nf3 {[%emt 0:08:36]} O-O {[%emt 0:06:26]} 11. Bd3 {[%emt 0:03:16]} Qc5 {[%emt 0:04:11]} 12. O-O {[%emt 0:07:32]} d6 {[%emt 0:18:01]} 13. Rfb1 {[%emt 0:12:22]} Ng4 {[%emt 0:17:21]} 14. Qe2 {[%emt 0:01:39]} Nce5 {[%emt 0:00:19]} 15. Rb5 {[%emt 0:17:14]} Qc7 {[%emt 0:00:34]} 16. Nxe5 {[%emt 0:02:50]} Nxe5 {[%emt 0:00:39]} 17. f4 {[%emt 0:02:54]} Bg4 {[%emt 0:02:03]} 18. Qf1 {[%emt 0:03:34]} Nd7 {[%emt 0:02:53]} 19. f5 {[%emt 0:02:31]} gxf5 {[%emt 0:05:22]} 20. exf5 {[%emt 0:01:16]} Ra4 {[%emt 0:01:45]} 21. h3 {[%emt 0:08:22]} Bh5 {[%emt 0:00:15]} 22. g4 {[%emt 0:04:16]} Bxg4 {[%emt 0:00:18]} 23. hxg4 {[%emt 0:00:24]} Rxg4+ {[%emt 0:00:16]} 24. Kf2 {[%emt 0:00:25]} Kh8 {[%emt 0:02:37]} 25. Rb4 {[%emt 0:11:54]} Ne5 {[%emt 0:00:49]} 26. Qh3 {[%emt 0:04:55]} Rfg8 {[%emt 0:01:55]} 27. Rxg4 {[%emt 0:02:22]} Nxg4+ {[%emt 0:00:38]} 28. Ke2 {[%emt 0:00:41]} Qc5 {[%emt 0:00:22]} 29. Rf1 {[%emt 0:01:22]} Nf6 {[%emt 0:01:36]} 30. Rf2 {[%emt 0:01:13]} Qd5 {[%emt 0:00:37]} 31. c4 {[%emt 0:00:33]} Qd4 {[%emt 0:00:31]} 32. Be3 {[%emt 0:00:25]} Qe5 {[%emt 0:00:29]} 33. Rg2 {[%emt 0:00:24]} Rxg2+ {[%emt 0:01:15]} 34. Qxg2 {[%emt 0:00:05]} h5 {[%emt 0:00:32]} 35. Qg5 {[%emt 0:00:52]} Qh2+ {[%emt 0:00:17]} 36. Ke1 {[%emt 0:00:26]} Ng4 {[%emt 0:00:40]} 37. Qxe7 {[%emt 0:00:56]} Qg3+ {[%emt 0:00:29]} 38. Kd2 {[%emt 0:00:13]} Qg2+ {[%emt 0:00:17]} 39. Kc3 {[%emt 0:00:25]} Nxe3 {[%emt 0:00:46]} 40. Qxe3 {[%emt 0:00:29]} Kg7 {[%emt 0:00:01]} 41. Qf4 {[%emt 0:00:35]} f6 {[%emt 0:00:52]} 42. Qxd6 {[%emt 0:00:25]} Qg5 {[%emt 0:00:10]} 43. Qe7+ {[%emt 0:00:27]} Kh6 {[%emt 0:00:34]} 44. Qd6 {[%emt 0:00:14]} 1-0

[Event "94th Paris-ch  2019"]
[Site "Paris"]
[Date "2019.07.12"]
[Round "7.21"]
[White "Smith, Matthieu"]
[Black "Girel, Joseph"]
[Result "1-0"]
[WhiteElo "2208"]
[BlackElo "2215"]
[Annotator "ChessBase"]
[PlyCount "135"]
[EventDate "2019.07.07"]
[EventType "swiss"]
[EventCountry "FRA"]
[SourceTitle "playchess.com"]
[Source "ChessBase"]
[SourceQuality "1"]
[TimeControl "5400+30"]

1. d4 {[%emt 0:13:38]} Nf6 {[%emt 0:00:00]} 2. Nf3 {[%emt 0:00:06]} e6 {[%emt 0:01:04]} 3. e3 {[%emt 0:00:13]} b6 {[%emt 0:00:34]} 4. Bd3 {[%emt 0:00:41]} Bb7 {[%emt 0:00:13]} 5. O-O {[%emt 0:00:15]} c5 {[%emt 0:00:37]} 6. c4 {[%emt 0:00:47]} Be7 {[%emt 0:01:03]} 7. Nc3 {[%emt 0:00:07]} O-O {[%emt 0:00:52]} 8. d5 {[%emt 0:00:22]} exd5 {[%emt 0:01:45]} 9. cxd5 {[%emt 0:00:06]} d6 {[%emt 0:01:09]} 10. e4 {[%emt 0:01:33]} a6 {[%emt 0:00:39]} 11. a4 {[%emt 0:00:04]} Nbd7 {[%emt 0:00:52]} 12. h3 {[%emt 0:00:47]} Ne8 {[%emt 0:02:30]} 13. Bf4 {[%emt 0:03:46]} Bf6 {[%emt 0:03:55]} 14. Re1 {[%emt 0:00:58]} Ne5 {[%emt 0:07:26]} 15. Bf1 {[%emt 0:11:21]} g6 {[%emt 0:02:32]} 16. Rb1 {[%emt 0:03:43]} Rc8 {[%emt 0:02:40]} 17. Re3 {[%emt 0:06:03]} Bg7 {[%emt 0:02:06]} 18. Nxe5 {[%emt 0:12:22]} dxe5 {[%emt 0:00:40]} 19. Bh2 {[%emt 0:01:08]} Nd6 {[%emt 0:01:14]} 20. b4 {[%emt 0:05:17]} c4 {[%emt 0:03:13]} 21. b5 {[%emt 0:08:57]} a5 {[%emt 0:01:49]} 22. Re1 {[%emt 0:02:34]} Qc7 {[%emt 0:06:42]} 23. Kh1 {[%emt 0:00:39]} Rce8 {[%emt 0:02:25]} 24. Qd2 {[%emt 0:01:04]} f5 {[%emt 0:07:54]} 25. f3 {[%emt 0:00:29]} f4 {[%emt 0:03:47]} 26. Rbc1 {[%emt 0:02:17]} g5 {[%emt 0:09:02]} 27. Rc2 {[%emt 0:00:23]} g4 {[%emt 0:02:12]} 28. fxg4 {[%emt 0:02:48]} f3 {[%emt 0:00:15]} 29. g3 {[%emt 0:01:34]} Bf6 {[%emt 0:03:17]} 30. Bg1 {[%emt 0:02:39]} Bd8 {[%emt 0:00:05]} 31. Qd1 {[%emt 0:02:12]} Qf7 {[%emt 0:04:13]} 32. Rf2 {[%emt 0:00:43]} h5 {[%emt 0:01:05]} 33. gxh5 {[%emt 0:01:09]} Bc8 {[%emt 0:00:15]} 34. Re3 {[%emt 0:01:53]} Qxh5 {[%emt 0:02:55]} 35. Rexf3 {[%emt 0:00:31]} Rxf3 {[%emt 0:01:08]} 36. Qxf3 {[%emt 0:01:19]} Qg6 {[%emt 0:00:17]} 37. Bg2 {[%emt 0:04:30]} Nf7 {[%emt 0:00:45]} 38. g4 {[%emt 0:01:26]} Kg7 {[%emt 0:01:41]} 39. Bh2 {[%emt 0:02:26]} Bh4 {[%emt 0:04:38]} 40. Bg3 {[%emt 0:02:30]} Bf6 {[%emt 0:00:21]} 41. Bh2 {[%emt 0:01:33]} Bh4 {[%emt 0:02:33]} 42. Rd2 {[%emt 0:01:29]} Qh6 {[%emt 0:00:45]} 43. Qe2 {[%emt 0:01:17]} Bg5 {[%emt 0:01:48]} 44. Rd1 {[%emt 0:00:11]} Nd6 {[%emt 0:01:05]} 45. Bg1 {[%emt 0:00:57]} Bd8 {[%emt 0:01:57]} 46. Be3 {[%emt 0:00:02]} Qg6 {[%emt 0:00:06]} 47. Rf1 {[%emt 0:01:16]} Rh8 {[%emt 0:00:06]} 48. Kg1 {[%emt 0:00:11]} Bd7 {[%emt 0:00:22]} 49. Rf3 {[%emt 0:01:34]} Re8 {[%emt 0:01:33]} 50. Qf2 {[%emt 0:00:20]} Nf7 {[%emt 0:00:01]} 51. Rf5 {[%emt 0:00:34]} Bxf5 52. exf5 {[%emt 0:00:01]} Qd6 {[%emt 0:02:53]} 53. Ne4 {[%emt 0:00:21]} Qxd5 {[%emt 0:01:51]} 54. f6+ {[%emt 0:00:01]} Kf8 {[%emt 0:00:25]} 55. g5 {[%emt 0:00:13]} Qd1+ {[%emt 0:00:34]} 56. Kh2 {[%emt 0:00:22]} Qh5 {[%emt 0:00:10]} 57. Bf3 {[%emt 0:01:49]} Qg6 {[%emt 0:00:15]} 58. h4 {[%emt 0:00:19]} Qf5 {[%emt 0:01:00]} 59. Qg2 {[%emt 0:00:28]} c3 {[%emt 0:02:06]} 60. Bg4 {[%emt 0:00:21]} Qh7 {[%emt 0:00:42]} 61. Kg3 {[%emt 0:00:26]} Nh8 {[%emt 0:04:11]} 62. h5 {[%emt 0:00:18]} Qf7 {[%emt 0:00:09]} 63. Nd6 {[%emt 0:01:15]} Qb3 {[%emt 0:00:20]} 64. Qb7 {[%emt 0:00:38]} Nf7 {[%emt 0:01:15]} 65. g6 {[%emt 0:00:39]} c2 {[%emt 0:02:35]} 66. Qxf7+ {[%emt 0:00:28]} Qxf7 {[%emt 0:00:03]} 67. gxf7 {[%emt 0:00:32]} Re6 {[%emt 0:00:13]} 68. Bh6# {[%emt 0:00:19]} 1-0

[Event "94th Paris-ch  2019"]
[Site "Paris"]
[Date "2019.07.13"]
[Round "8.1"]
[White "Moussard, Jules"]
[Black "Shchekachev, Andrei"]
[Result "1-0"]
[WhiteElo "2576"]
[BlackElo "2531"]
[Annotator "TA"]
[PlyCount "29"]
[EventDate "2019.07.07"]
[EventType "swiss"]
[EventCountry "FRA"]
[SourceTitle "playchess.com"]
[Source "ChessBase"]
[SourceQuality "1"]

{[%evp 11,91,42,37,22,35,39,43,35,33,10,35,39,41,42,43,47,49,40,52,0,31,0,0,0,0,0,36,33,47,44,91,93,80,60,112,12,11,20,26,21,33,14,12,0,0,0,0,0,0,0,0,0,0,0,0,0,12,8,70,29,38,38,39,45,53,41,104,114,129,118,152,152,238,312,341,338,1004,867,714,593,4814,2592]} 1. e4 c5 2. Nc3 e6 3. Nf3 Nc6 4. d4 cxd4 5. Nxd4 Qc7 6. Be3 a6 7. Qf3 {B48: Sicilian: Taimanov: 5 Nc3 Qc7 6 Be3 a6 without Be2} Nf6 8. O-O-O Be7 (8... Ne5 9. Qg3 b5 10. a3 Bb7 11. Bxb5 Rc8 12. Ba4 Nxe4 13. Nxe4 Bxe4 14. Bf4 Qa5 15. Bxe5 Qxa4 {1-0 (66) Vachier Lagrave,M (2778)-Harikrishna,P (2729) Germany 2019}) 9. Be2 {White is slightly better.} d6 10. Qg3 O-O 11. f4 Kh8 12. Kb1 Bd7 13. Bf3 {[#]} Na5 $146 ({Predecessor:} 13... Rac8 14. Rhe1 Na5 {0-1 (70) Blomqvist,E (2506)-Fier,A (2570) Barcelona 2014}) 14. e5 {Threatens to win with Nf5!} Ne8 15. Be2 {Played: Nd4-f5} 1-0